00895cam a22002534a 45000010008000000030012000080050017000200080041000370100017000780200028000950350021001230400022001440420008001660500023001740820021001971000028002182400096002462450100003422600049004423000034004915040064005256500024005897000028006132618178NUST - PNEC20170116181132.0981124s1999 wiua b 001 0 eng  a 98053111  a0873894472 (alk. paper) a(DLC) 98053111 aDLCcLIBRARYdDLC apcc00aTS156.8b.D52 199900a670.4275 DIE2211 aDietrich, Edgar,d1951-10aStatistische Verfahren zur Qualifikation von Messmitteln, Maschinen und Prozessen.lEnglish10aStatistical procedures for machine and process qualification /cEdgar Dietrich, Alfred Schulze. aMilwaukee, Wis :bASQ Quality Press,cc1999. axix, 396 p. :bill. ;c26 cm. aIncludes bibliographical references (p. 380-384) and index. 0aProcess controlxME1 aSchulze, Alfred,d1952-